Państwa z największą liczbą katolików - Statystyki

Ogólne statystyki
  • Ten quiz został rozwiązany 12 925 razy
    12 151 od ostatniego zresetowania
  • Średni wynik to 14 z 21
Statystyki odpowiedzi
Liczba katolików Państwo % Poprawnych
28,8 mln Polska
100%
76,5 mln Stany Zjednoczone
95%
126 mln Brazylia
93%
35,6 mln Francja
90%
30,3 mln Hiszpania
90%
20,7 mln Niemcy
90%
45,3 mln Włochy
88%
28,7 mln Argentyna
86%
11,7 mln Kanada
83%
97,8 mln Meksyk
83%
38,9 mln Kolumbia
69%
25,9 mln Peru
65%
20,1 mln Wenezuela
61%
17,2 mln Indie
59%
28,6 mln Nigeria
52%
48,2 mln Demokratyczna Republika Konga
43%
14,0 mln Ekwador
43%
95,7 mln Filipiny
43%
19,5 mln Tanzania
24%
19,6 mln Angola
22%
20,8 mln Uganda
17%
Nie znaleziono quizów pasujących do podanych kryteriów
Rozkład punktacji
Procent ludzi z każdym wynikiem
Percentyl według liczby udzielonych odpowiedzi
Twoja historia wyników
Nie rozwiązałeś tego quizu od ostatniego zresetowania